000 00956nam0a2200301 4500
001 RU\NLR\bibl\1087540
005 20250615051841.0
010 _a978-5-9900936-1-4
_95000
021 _aRU
_b2007-23768
_91255
035 _a(NLR Aleph) 001074698
090 _a1020717
_c1020717
100 _a20070518d2007 |||y0rusy50 ca
101 0 _arus
102 _aRU
105 _aa |||||||||
200 1 _aНастройка парусов и такелажа
_fИвар Дедекам
_g[пер. с англ.: Кривов Г.А.]
210 _aМосква
_cВеликая река
_d2007
215 _a80,[1] с.
_cцв. ил.
_d24
225 1 _aDedekam design
606 1 _aЯхты
_xТакелаж
_92475528
_3RU\NLR\auth\661469940
686 _aО425.62-044.04
700 1 _aДедекам
_bИ.
_gИвар
_4070
801 0 _aRU
_bNLR
_c20070518
_gRCR
801 1 _aRU
_bNLR
_c20070518
830 _aпо кн
942 _cBOOK
980 _aNB